Responses for Show #3697 - Tuesday, October 3, 2000

2000 Back to School Week game 2.

Contestants

[<< previous game]

David Hudson, Jr., an 11-year-old from Richmond, Virginia

Ariel Edwards-Levy, an 11-year-old from Sherman Oaks, California

Neville Fogarty, an 11-year-old from Kingwood, Texas

[next game >>]

Jeopardy! Round responses

GEOGRAPH"Y"
(Alex: Each correct response will end with the letter Y.)
TELEVISION
REQUIRED READING
HOMOPHONES
(Alex: You know what those are: words that sound the same but have different meanings.)
YOU DO THE MATH
ODDS & ENDS
    $100 26
Italy

Neville
    $100 6
Saved by the Bell

David
    $100 18
Robinson

Ariel
    $100 13
a pour/pore

David
    $100 11
144 (12 x 12)

David
    $100 1
the Leaning Tower of Pisa

Ariel
    $200 27
Salt Lake City

Neville
    $200 7
(Alex: Too young for it.)

Beverly Hills, 90210

Triple Stumper
    $200 19
Abraham Lincoln

David
    $200 14
male/mail

David
    $200 12
14 (8 + 6)

Ariel
    $200 2
Gemini

Ariel
    $300 28
Norway

David
    $300 8
[ERRATUM: O-Town was rendered without a hyphen, as shown.]

Rocko

Neville
    $300 23
Bronte

Ariel
    $300 15
an aisle/isle

Ariel
    $300 20
2 (8 - 6)

Neville
    $300 3
the bedroom

Ariel
    $400 29
Germany

David
    $400 9
The Brady Bunch

David
    $400 24
(Edgar Allan) Poe

David
    $400 16
profit/prophet

Triple Stumper
    $400 21
49 (7 x 7)

David
    $400 4
croutons

Neville
    $500 30
Sydney

David
    $500 10
The Pretender

David
    $500 25
Greece

Neville
    $800 17
earn/urn

Ariel
    $500 22
1 (10 รท 10)

David
    $500 5
Idaho

David

Scores at the first commercial break (after clue 17):

Neville Ariel David
$700 $1,900 $1,900

Scores at the end of the Jeopardy! Round:

Neville Ariel David
$1,800 $2,300 $4,600

Double Jeopardy! Round responses

THE SOLAR SYSTEM
HISTORY IN MOVIES
BALLET
THE SPOOKY & THE MYSTERIOUS
TRAVEL & TOURISM
QUOTATIONS
    $200 1
rings

Neville
    $200 6
King Arthur

Ariel
    $200 26
Pinocchio

David
    $200 12
the White House

Ariel
    $200 7
gold

Neville
    $200 17
(Ariel: Who is Kennedy?)
(Alex: Which one?)
(Ariel: [*].)
(Alex: [*], John F., yes.)

JFK (John F. Kennedy)

Ariel
    $400 2
Jupiter

Ariel
    $400 22
Titanic

Ariel
    $400 27
A Christmas Carol

David
    $400 13
the Bermuda Triangle

David
    $400 8
India

Neville
    $400 18
Mark Twain

David
    $600 3
Venus

David
    $600 23
the Pharaoh

Ariel
    $600 28
(David: What is the Nutcracker Prince?)

Sleeping Beauty

NevilleDavid
    $600 14
Stonehenge

David
    $600 9
(David: What is Santa Fe?)

Roswell

David
Triple Stumper
    $600 19
Oprah

Ariel
    $800 4
(Alex: Yes. It's slightly smaller than that moon. Way to go, David!)

Pluto

David
    $800 24
World War II

Triple Stumper
    $800 29
the Sugarplum Fairy

Neville
    $800 15
Atlantis

Ariel
    $800 10
(Ariel: What is Nebraska?)
(Neville: What is Illinois?)
(David: What is Virginia?)

Kentucky

NevilleArielDavid
Triple Stumper
    $1,100 20
(Ariel: Oh, God. [Shrugs her shoulders])
(Alex: Give me a name.)
(Ariel: I have actually no clue.)
(Alex: Well, if you'd looked carefully at the year. You notice the year, "1944". That would be during World War II, and that's The Diary of [*]. So the young girl who wrote those words was [*]. So you're at $2,800. You're tied with Neville for second place, not with David for the lead. Go again.)

Anne Frank

Ariel
    $1000 5
(David: What is the equator?)

the terminator

David
Triple Stumper
    $1000 25
Gone with the Wind

Ariel
    $1000 30
Hans Christian Andersen

Ariel
    $1000 16
the Loch Ness Monster

Neville
    $1000 11
Madame Tussauds

Triple Stumper
    $1000 21
"We the People"

Neville

Scores at the end of the Double Jeopardy! Round:

Neville Ariel David
$5,200 $5,800 $5,000

[wagering suggestions for these scores]

Final Jeopardy! Round responses

FAMOUS TEENAGERS
DavidWho is Prince William
$5,000
NevilleWho is ____ ???
$5,200
ArielWho is -
$4,700
Prince William

Final scores:

Neville Ariel David
$0 $1,100 $10,000
3rd place: MyPoints.com gift certificates valued at about $1,250 + a trip for 4 to Universal Studios, Florida 2nd place: MyPoints.com gift certificates valued at about $1,250 + a trip for 4 to Universal Studios, Florida Winner: $10,000

Game dynamics:

Coryat scores:

Neville Ariel David
$5,200 $6,600 $5,000
13 R,
1 W
18 R
(including 1 DD),
2 W
(including 1 DD)
21 R
(including 1 DD),
4 W

Combined Coryat: $16,800

[game clues] [game scores] [suggest correction]

Game tape date: 2000-08-08
The J! Archive is created by fans, for fans. Scraping, republication, monetization, and malicious use prohibited; this site may use cookies and collect identifying information. See terms. The Jeopardy! game show and all elements thereof, including but not limited to copyright and trademark thereto, are the property of Jeopardy Productions, Inc. and are protected under law. This website is not affiliated with, sponsored by, or operated by Jeopardy Productions, Inc. Join the discussion at JBoard.tv.